Property subject to structural movement : guidelines on the assessment of cracks. (Record no. 100506)

MARC details
000 -LEADER
fixed length control field 00815cam a2200241 4500
001 - CONTROL NUMBER
control field J105942
008 - FIXED-LENGTH DATA ELEMENTS--GENERAL INFORMATION
fixed length control field 000000n1995 000 0 eng u
035 ## - SYSTEM CONTROL NUMBER
System control number (Sirsi) u105942
041 ## - LANGUAGE CODE
Language code of text/sound track or separate title eng
050 ## - LIBRARY OF CONGRESS CALL NUMBER
Classification number 690
110 ## - MAIN ENTRY--CORPORATE NAME
Corporate name or jurisdiction name as entry element Loss Prevention Council
9 (RLIN) 1863
245 ## - TITLE STATEMENT
Title Property subject to structural movement : guidelines on the assessment of cracks.
260 ## - PUBLICATION, DISTRIBUTION, ETC.
Place of publication, distribution, etc. Fire Protection Association
Date of publication, distribution, etc. 1995
300 ## - PHYSICAL DESCRIPTION
Extent 16p, ; 30cm
350 ## - PRICE (NR) (BK AM CF MU VM SE) [OBSOLETE]
Price 15.00
490 ## - SERIES STATEMENT
Series statement LPR
Volume/sequential designation 3
520 ## - SUMMARY, ETC.
Summary, etc. Explains the difference between property damage due to superstructure defects and damage due to foundation movement. Gives advice on the identification on various types of cracking.
650 ## - SUBJECT ADDED ENTRY--TOPICAL TERM
Topical term or geographic name entry element CRACKING
650 ## - SUBJECT ADDED ENTRY--TOPICAL TERM
Topical term or geographic name entry element SUBSIDENCE
650 ## - SUBJECT ADDED ENTRY--TOPICAL TERM
Topical term or geographic name entry element LANDSLIP
690 ## - LOCAL SUBJECT ADDED ENTRY--TOPICAL TERM (OCLC, RLIN)
Topical term or geographic name as entry element BUILT ENVIRONMENT-BUILDING PATHOLOGY
942 ## - ADDED ENTRY ELEMENTS (KOHA)
Suppress in OPAC 0
Holdings
Withdrawn status Lost status Source of classification or shelving scheme Damaged status Not for loan Home library Current library Shelving location Date acquired Cost, normal purchase price Total Checkouts Full call number Barcode Date last seen Date last checked out Copy number Cost, replacement price Price effective from Koha item type
    Dewey Decimal Classification     London London Basement 02/06/2000 15.00 7 BASEMENT 30061572 06/08/2019 22/07/2008 1 15.00 06/08/2019 Book